Fracture Quiz Stats

 Plays Quiz not verified by Sporcle

Support Sporcle.
Go Orange.
Score 0/10 Timer 04:00
0 Plays Today
Question Answer % Correct
What charge is Ted on trial for throughout the movie?Attempted Murder
71.4%
How many shells are missing from Ted's cabinet?Four
64.3%
What nickname does Beacham's outfit earn him at Ted's arraignment?007
60.7%
How many flawed eggs did Ted find when helping his grandfather?300
60.7%
What is the big law firm Beacham gets a job with?Wooton & Simms
46.4%
Who is Ted's wife having an affair with?Detective Rob Nunally
39.3%
What legal doctrine does Ted think he is protected by at the film's end?Double Jeopardy
39.3%
Ted questions what the sound of a ______ is.Feeling
35.7%
Beacham is planning to decorate his new office. What is the 'style' of Ted's house according to one of the detectives?Homicidal Modern
28.6%
What kind of car does Ted drive?Porsche Carrera GT
17.9%

You're not logged in!

Compare scores with friends on all Sporcle quizzes.
OR
Log In

From the Vault

Harry Potter: Chapters in Order - Book 1

by lilypad22

This quiz is definitely easier than attempting this with Quidditch Through the Ages.
Remove Ads.
Support Sporcle.
Get the best of Sporcle when you Go Orange. This ad-free experience offers more features, more stats, and more fun while also helping to support Sporcle. Thank you for becoming a member.

Show Comments

Extras

Created Mar 5, 2011ReportNominate
Tags:fracture

Top Quizzes Today


Score Distribution

Your Account Isn't Verified!

In order to create a playlist on Sporcle, you need to verify the email address you used during registration. Go to your Sporcle Settings to finish the process.

Report this User

Report this user for behavior that violates our Community Guidelines.

Details: